000 00977cam a2200313Ia 4500
001 sjds45850771
003 sjds
005 20210705121206.0
008 010205s2000 ag 000 1 spa d
020 _a9500421488 (pbk.)
022 _a9789500421485
040 _aLPU
_cLPU
_dCSP
041 1 _aspa
_heng
043 _an-us-ca
_an------
100 1 _aAlcala, Kathleen,
_d1954-
245 1 3 _aLa flor en la calavera /
_cKathleen Alcala ; [traduccion, Carmen Bordeu de Smith Estrada].
250 _a1. ed.
260 _aBuenos Aires :
_bEmece Editores,
_cc2000.
300 _a235 p. ;
_c23 cm.
500 _aTranslation of: Flower in the skull.
650 0 _aMexican American women
_vFiction.
650 0 _aIndian women
_vFiction.
650 0 _aOpata Indians
_vFiction.
650 0 _aMexican American families
_vFiction.
651 0 _aLos Angeles (Calif.)
_vFiction.
651 0 _aTucson (Ariz.)
_vFiction.
655 7 _aDomestic fiction.
_2lcgft.
942 _cBK
_2ddc
999 _c25906
_d25906